000
00198 a2200097 4500
020
_a
002710950X
041
_a
spa
100
_a
Blume, Judy
245
_a
Estas Ahi Dios_ Soy Yo, Margaret
942
_c
BK
999
_c
28574
_d
28574